000 00552nam a2200205Ia 4500
005 20250326144342.0
008 250326s9999 xx 000 0 und d
020 _a978-81-7992-878-3
037 _aTextbook
040 _aFMSL
_beng
_cFMSL
041 _aeng
_2eng
084 _aX:9 P8
_qFMSL
100 _aArmstrong M
_9735375
245 0 _aPerformance management and development
_cArmstrong M; Baron A
260 _aDelhi
_bDelhi, Jaico
_c2008
300 _a182p
365 _b250
942 _cTB
_hX:9 P8
999 _c1303411
_d1303411